000 00746cam a2200229 a 4500
003 EG-GiCUC
008 830321s1966 fr b 000 0 fre
040 _aDLC
_cFJUNF
_dFJUNF
_dOCoLC
_dDLC
050 0 0 _aPC2625
_b.R552 1966
092 0 4 _a443
_bR6424 1966
_221
099 _a04
_a443 R6424 1966
100 1 _aRobert, Paul,
_d1910-1980
245 1 0 _aDictionnaire alphabetique et analogique de la langue francaise :
_bles mots et les associations d'idees /
_cpar Paul Robert.
260 _aParis :
_bSociete du nouveau Littre;
_c1966.
300 _a6v. ;
_c26 cm.
590 _aLibrary has vol. 2,3,6 only.
650 0 _aFrench language
_vDictionaries.
902 _a1
905 _aIbrahim
_eRev.
905 _aJamal
_eCat.
942 _2ddc
_cREF
999 _c104870
_d104870